[Event "EU-ch Hybrid U16"]
[Site "Tornelo INT"]
[Date "2021.10.15"]
[Round "8"]
[White "Kirillov, Anton"]
[Black "Hulka, Valentyn"]
[Result "1/2-1/2"]
[WhiteElo "2059"]
[BlackElo "2187"]
[PlyCount "126"]
[EventDate "2021.10.15"]
[EventType "swiss"]
[EventRounds "9"]
[EventCountry "NET"]
[SourceTitle "EXT 2023"]
[Source "ChessBase"]
[SourceDate "2022.10.05"]
[SourceVersion "1"]
[SourceVersionDate "2022.10.05"]
[SourceQuality "1"]
[WhiteTeam "Russia"]
[BlackTeam "Ukraine"]
[WhiteTeamCountry "RUS"]
[BlackTeamCountry "UKR"]

1. e4 c5 2. Nf3 d6 3. d4 cxd4 4. Nxd4 Nf6 5. Nc3 a6 6. Be3 e5 7. Nb3 Be6 8. Qd2 Be7 9. f3 0-0 10. 0-0-0 Nbd7 11. g4 b5 12. g5 Nh5 13. Nd5 Bxd5 14. exd5 f6 15. gxf6 Bxf6 16. Na5 Qe8 17. c4 Bd8 18. Nc6 Bb6 19. Bxb6 Nxb6 20. Qb4 Qd7 21. cxb5 Nf4 22. Qb3 axb5 23. Bxb5 Qf7 24. Rd2 Kh8 25. Rhd1 Nd7 26. Kb1 Nc5 27. Qc2 Ng6 28. b4 Nd7 29. Rd3 Nb6 30. a4 Nf4 31. R3d2 Nfxd5 32. Rxd5 Nxd5 33. Bc4 Nxb4 34. Nxb4 Qxf3 35. Rd3 Qg4 36. Nd5 Rab8+ 37. Ka2 Rfc8 38. Rc3 Rf8 39. Bb3 Qg1 40. Rh3 g6 41. Rd3 Rf2 42. Rd2 Rbf8 43. Nc3 R2f3 44. Bd5 Rf2 45. Ne4 Rxd2 46. Qxd2 Rb8 47. Bb3 Rd8 48. h4 Qd4 49. Qg5 Rf8 50. Qe7 Rf5 51. Qd8+ Kg7 52. Qc7+ Kh6 53. Qc1+ Rf4 54. Nc3 Kg7 55. Nd5 Rf2+ 56. Ka3 Rf7 57. h5 Qc5+ 58. Qxc5 dxc5 59. hxg6 hxg6 60. a5 g5 61. a6 g4 62. Ne3 Ra7 63. Bc4 Kf6 1/2-1/2

[Event "EU-ch Hybrid U16"]
[Site "Tornelo INT"]
[Date "2021.10.15"]
[Round "6"]
[White "Kirillov, Anton"]
[Black "Trofimov, Pavel"]
[Result "0-1"]
[WhiteElo "2059"]
[BlackElo "2227"]
[PlyCount "58"]
[EventDate "2021.10.15"]
[EventType "swiss"]
[EventRounds "9"]
[EventCountry "NET"]
[SourceTitle "EXT 2023"]
[Source "ChessBase"]
[SourceDate "2022.10.05"]
[SourceVersion "1"]
[SourceVersionDate "2022.10.05"]
[SourceQuality "1"]
[WhiteTeam "Russia"]
[BlackTeam "Russia"]
[WhiteTeamCountry "RUS"]
[BlackTeamCountry "RUS"]

1. e4 c5 2. Nf3 d6 3. d4 cxd4 4. Nxd4 Nf6 5. Nc3 a6 6. Be3 e5 7. Nb3 Be6 8. f3 h5 9. Qd2 Nbd7 10. Nd5 Bxd5 11. exd5 g6 12. Be2 Bg7 13. 0-0 b6 14. Rae1 0-0 15. c4 a5 16. Kh1 Re8 17. Na1 e4 18. Nc2 exf3 19. gxf3 Nc5 20. Nd4 Nfd7 21. Nc6 Qh4 22. Bxc5 Nxc5 23. b3 Kh7 24. Kg1 Bh6 25. f4 Re4 26. Bd1 Rae8 27. Rxe4 Rxe4 28. Bc2 Bxf4 29. Qf2 Be3 0-1

[Event "Eurasia Cup op"]
[Site "Ekaterinburg"]
[Date "2019.08.09"]
[Round "9"]
[White "Kirillov, Anton"]
[Black "Nechaeva, Marina"]
[Result "0-1"]
[WhiteElo "1855"]
[BlackElo "2379"]
[PlyCount "62"]
[EventDate "2019.07.31"]
[EventType "swiss"]
[EventRounds "9"]
[EventCountry "RUS"]
[SourceTitle "CBM 191 Extra"]
[Source "ChessBase"]
[SourceDate "2019.09.30"]
[SourceVersion "1"]
[SourceVersionDate "2019.09.30"]
[SourceQuality "1"]

1. e4 c6 2. Nc3 d5 3. Nf3 Bg4 4. Be2 e6 5. d4 Nf6 6. h3 Bxf3 7. Bxf3 Bb4 8. e5 Nfd7 9. 0-0 c5 10. a3 Bxc3 11. bxc3 cxd4 12. cxd4 Nb6 13. Be2 Nc6 14. f4 g6 15. Rb1 Qc7 16. Be3 0-0-0 17. Rf3 Kb8 18. Bf2 Na5 19. Be1 Nbc4 20. Bb4 Ka8 21. Rc3 Rc8 22. Kh1 Qd7 23. Qe1 Rc7 24. Qh4 h5 25. g4 Nc6 26. Bxc4 dxc4 27. Bd6 Rcc8 28. Rxc4 b5 29. Rc5 Nxd4 30. Rxc8+ Rxc8 31. Qf2 Rxc2 0-1

[Event "Eurasia Cup op"]
[Site "Ekaterinburg"]
[Date "2019.08.06"]
[Round "6"]
[White "Hamitevici, Vladimir"]
[Black "Kirillov, Anton"]
[Result "1-0"]
[WhiteElo "2480"]
[BlackElo "1855"]
[PlyCount "87"]
[EventDate "2019.07.31"]
[EventType "swiss"]
[EventRounds "9"]
[EventCountry "RUS"]
[SourceTitle "CBM 191 Extra"]
[Source "ChessBase"]
[SourceDate "2019.09.30"]
[SourceVersion "1"]
[SourceVersionDate "2019.09.30"]
[SourceQuality "1"]

1. b3 d5 2. Bb2 c5 3. Nf3 Nf6 4. g3 g6 5. c4 d4 6. b4 b6 7. Nxd4 Bb7 8. Nf3 cxb4 9. Qa4+ Nbd7 10. Qxb4 Bg7 11. Bg2 0-0 12. 0-0 Rc8 13. d3 Re8 14. Qa3 Qc7 15. Nc3 Qb8 16. Ne1 Nc5 17. Rb1 e5 18. Bxb7 Nxb7 19. Nb5 a5 20. Ng2 Nc5 21. Bc1 Red8 22. Bg5 e4 23. Bf4 Qa8 24. Bc7 exd3 25. Bxd8 dxe2 26. Rfe1 Rxd8 27. Rxe2 Nfe4 28. Nc7 Qc8 29. Nd5 Qg4 30. Rbe1 f5 31. Qe3 Ng5 32. Qe8+ Rxe8 33. Rxe8+ Bf8 34. Nf6+ Kf7 35. Nxg4 Nf3+ 36. Kf1 Nxe1 37. Rxe1 fxg4 38. Ne3 h5 39. Nd5 Na4 40. Re2 Bc5 41. Ke1 Bd4 42. Kd2 Nb2 43. Kc2 Nxc4 44. Kd3 1-0

[Event "Eurasia Cup op"]
[Site "Ekaterinburg"]
[Date "2019.08.02"]
[Round "3"]
[White "Fokin, Sergey"]
[Black "Kirillov, Anton"]
[Result "0-1"]
[WhiteElo "2189"]
[BlackElo "1855"]
[PlyCount "73"]
[EventDate "2019.07.31"]
[EventType "swiss"]
[EventRounds "9"]
[EventCountry "RUS"]
[SourceTitle "CBM 191 Extra"]
[Source "ChessBase"]
[SourceDate "2019.09.30"]
[SourceVersion "1"]
[SourceVersionDate "2019.09.30"]
[SourceQuality "1"]

1. c4 e6 2. d4 d5 3. Nf3 Nf6 4. g3 Be7 5. Bg2 0-0 6. 0-0 dxc4 7. Qc2 a6 8. a4 Bd7 9. Ne5 Bc6 10. Nxc6 Nxc6 11. Bxc6 bxc6 12. Qxc4 Qd5 13. Nd2 Rfd8 14. e3 c5 15. Qxd5 Rxd5 16. Nb3 cxd4 17. Nxd4 c5 18. Nc6 Bf8 19. Na5 Rb8 20. f3 g6 21. e4 Rd3 22. Kf2 Bg7 23. Ke2 Rd7 24. Rd1 Rxd1 25. Kxd1 Nd7 26. Kc2 Rb4 27. Ra2 Ne5 28. Bd2 Rb6 29. Be3 Nxf3 30. Bxc5 Rb8 31. Nc6 Rb7 32. b4 Bf8 33. Bxf8 Kxf8 34. Kd1 Rb6 35. Rc2 Ke8 36. b5 axb5 37. axb5 0-1

[Event "Eurasia Cup op"]
[Site "Ekaterinburg"]
[Date "2019.07.31"]
[Round "1"]
[White "Kirillov, Anton"]
[Black "Dilmukhametov, Artur"]
[Result "1-0"]
[WhiteElo "1855"]
[BlackElo "2346"]
[PlyCount "77"]
[EventDate "2019.07.31"]
[EventType "swiss"]
[EventRounds "9"]
[EventCountry "RUS"]
[SourceTitle "CBM 191 Extra"]
[Source "ChessBase"]
[SourceDate "2019.09.30"]
[SourceVersion "1"]
[SourceVersionDate "2019.09.30"]
[SourceQuality "1"]

1. e4 e6 2. d4 d5 3. Nd2 Nf6 4. e5 Nfd7 5. Bd3 c5 6. c3 Nc6 7. Ne2 cxd4 8. cxd4 f6 9. exf6 Nxf6 10. Nf3 Bd6 11. 0-0 0-0 12. Bg5 Qb6 13. Qb1 e5 14. Bxf6 e4 15. Be5 Bxe5 16. Nxe5 Nxd4 17. Nc3 exd3 18. Qxd3 Bf5 19. Nxd5 Qc5 20. Ne7+ Qxe7 21. Qxd4 Rad8 22. Qe3 Rfe8 23. Rfe1 Qb4 24. Qg5 g6 25. b3 Rd2 26. Nf3 Ree2 27. Rxe2 Rxe2 28. Rc1 Rxa2 29. Qd8+ Qf8 30. Qd4 Ra6 31. Ng5 Qd6 32. Qc4+ Be6 33. Qh4 Qe7 34. Re1 Bxb3 35. f3 Be6 36. Qf4 Qd7 37. Ne4 Qd4+ 38. Kh1 Kg7 39. Qc7+ 1-0